US Capitals - Statistics

General Stats
  • This quiz has been taken 39 times
  • The average score is 41 of 50
Answer Stats
Capital % Correct
Sacramento
100%
Albany
92%
Boston
92%
Honolulu
92%
Jackson
92%
Juneau
92%
Phoenix
92%
Austin
88%
Boise
88%
Atlanta
83%
Baton Rouge
83%
Bismarck
83%
Charleston
83%
Denver
83%
Des Moines
83%
Dover
83%
Harrisburg
83%
Indianapolis
83%
Lansing
83%
Little Rock
83%
Montgomery
83%
Nashville
83%
Olympia
83%
Pierre
83%
Providence
83%
Raleigh
83%
Salem
83%
Santa Fe
83%
Tallahassee
83%
Trenton
83%
Annapolis
79%
Augusta
79%
Cheyenne
79%
Columbia
79%
Columbus
79%
Helena
79%
Jefferson City
79%
Lincoln
79%
Madison
79%
Oklahoma City
79%
Richmond
79%
Salt Lake City
79%
Springfield
79%
Topeka
79%
Concord
75%
Frankfort
75%
Hartford
75%
Montpelier
75%
Saint Paul
75%
Carson City
71%
No matching quizzes found
Score Distribution
Percent of People with Each Score
Percentile by Number Answered
Your Score History
You have not taken this quiz